Представление документа в формате RUSMARC

ПолеНазваниеЗначение
  Тип записи a
  Библиографический уровень c
001 Контрольный номер RuMoRGB-001724544
005 Дата корректировки 20201206204924.0
010 Индекс ISBN __
a ISBN 5-300-00161-9 (в пер.)
d Цена 150-00
100 Данные общей обработки __
a Данные общей обработки 19020227d1995 |||y0rusy0189 ca
101 Язык документа 0_
a Язык текста rus
105 Кодированные данные (монография) __
a Кодированные данные (монография) y zzzz zy
200 Заглавие и сведения об ответственности 1_
a Заглавие Великий государь
e Сведения, относящиеся к заглавию исторические романы : [16+]
f Первые сведения об ответственности А. И. Антонов. Юрий Милославский, или Русские в 1612 году / М. Н. Загоскин ; [составитель Г. Кожевников]
b Общее обозначение материала Текст
210 Выходные данные __
a Место издания Москва
c Издательство Терра
d Дата издания 1995
215 Физическое описание __
a Объем 557, [2] с.
d Формат 22 см
225 Серия __
a Серия Тайны истории в романах, повестях и документах
i Наименование части Век XVII
300 Общие примечания __
a Общие примечания Тираж не указан
327 Примечание о содержании __
a Примечание о содержании Юрий Милославский, или Русские в 1612 году
330 Аннотация __
a Аннотация В книгу включены произведения, повествующие о событиях смутного времени в России начала XVII столетия. В новом романе современного русского писателя Александра Ильича Антонова "Великий государь" в центре повествования личность патриарха всея Руси Филарета, в миру боярина Федора Романова, отца Михаила - первого русского царя из рода Романовых. Это был не только крупный религиозный и государственный деятель, но и человек, проживший жизнь полную опасностей и приключений. Известный роман русского писателя Михаила Николаевича Загоскина "Юрий Милославский" дает возможность читателю взглянуть на смутное время с точки зрения россиянина XIX века.
333 Примечание о целевом назначении __
a Примечание о целевом назначении 16+. Для детей старше 16 лет
517 Другие варианты заглавия __
a Другие варианты заглавия Юрий Милославский, или Русские в 1612 году
517 Другие варианты заглавия __
a Другие варианты заглавия Русские в 1612 году
600 Персоналии __
a Персоналии (Фамилия) Филарет
c Дополнение к имени Романов-Юрьев Ф. Н.
c Дополнение к имени патриарх
f Даты 1553-1633
600 Персоналии __
a Персоналии (Фамилия) Милославский, Ю.
c Дополнение к имени боярин
g Полное имя Юрий
606 Тематические рубрики __
a Основная рубрика Художественная литература
606 Тематические рубрики __
a Основная рубрика Русская литература в целом (произведения)
610 Ключевые слова __
a Ключевые слова историческая проза
a Ключевые слова исторические романы
a Ключевые слова проза
a Ключевые слова романы
a Ключевые слова тема войны
a Ключевые слова тема истории
a Ключевые слова тема исторических личностей
a Ключевые слова тема междоусобиц
a Ключевые слова тема России
a Ключевые слова тема Руси
686 Индексы других классификаций __
2 Код системы rubbks
a Классификационный индекс 84(2=411.2)-4
700 Автор _1
a Фамилия Антонов
b Имя А. И.
f Даты 1924-
g Полное личное имя Александр Ильич
4 Код отношения 070
701 Альтернативная интеллектуальная ответственность __
a Фамилия Загоскин
b Имя М. Н.
f Даты 1789-1852
g Полное личное имя Михаил Николаевич
4 Код отношения 070
702 Вторичная интеллектуальная ответственность _1
a Фамилия Кожевников
b Имя Г.
4 Код отношения Составитель
4 Код отношения 220
801 Источник записи _0
a Страна
b Организация Муниципальное бюджетное учреждение культуры "Централизованная библиотечная система" г. Сургут (Центральная городская библиотека им. А. С. Пушкина)
c Дата составления 20020227
g Правила каталогизации КиК/Апакова
801 Источник записи _1
a Страна
b Организация Муниципальное бюджетное учреждение культуры "Централизованная библиотечная система" г. Сургут (Центральная городская библиотека им. А. С. Пушкина)
c Дата составления 20020227
g Правила каталогизации КиК/Апакова
852 Данные о местонахождении __
j Шифр хранения 84(2=411.2)-4
i Авторский знак А 72
901 Тип документа __
t Тип документа x
903 Характеристики (МАРС) __
a Дата передачи 20140821
969 Тип издания __
a Тип издания сборник
990 Данные о заказе (DOS) __
j Количество экземпляров (DOS) 1
t N записи в КСУ для И/У (DOS) 201408